[Event "Rhein an Main op"]
[Site "Rhein"]
[Date "1998.??.??"]
[Round "3"]
[White "Schmittdiel, Eckhard"]
[Black "Brustkern, Juergen"]
[Result "1/2-1/2"]
[WhiteElo "2460"]
[BlackElo "2230"]

1.e4 c5 2.c3 Nf6 3.e5 Nd5 4.d4 cxd4 5.Nf3 e6 6.cxd4 b6 7.Nc3 Nxc3 8.bxc3 Qc7
9.Bd2 d6 10.Bd3 Bb7 11.O-O Nd7 12.Re1 Be7 13.Ng5 dxe5 14.Qh5 g6 15.Qh6 Bf6
16.Rad1 exd4 17.cxd4 Bd5 18.Rc1 Qd6 19.Ne4 Bxe4 20.Bxe4 Rd8 21.Bf4 Qf8 22.Qh3 Qb4
23.Bc7 O-O 24.Bxd8 Rxd8 25.d5 Nc5 26.Rb1 Qc4 27.Qf3 Nxe4 28.Rxe4 Qxa2 29.Ree1 Bd4
30.dxe6 fxe6 31.Rbd1 e5 32.Re2 Qa4 33.Rf1 Qd7 34.g3 Qd5 35.Qxd5+ Rxd5 36.Kg2 g5
37.Rd1 Kf7 38.f4 gxf4 39.gxf4 Ke6 40.fxe5 Rxe5 41.Ra2 Bc5 42.Rxa7 Rg5+ 43.Kf3 Rh5
44.Ra2 Rf5+ 45.Kg4 h5+ 46.Kh3  1/2-1/2

[Event "Rhein an Main op"]
[Site "Rhein"]
[Date "1998.??.??"]
[Round "7"]
[White "Rechel, Ralf"]
[Black "Ragozin, Evgeni"]
[Result "0-1"]
[WhiteElo "2180"]
[BlackElo "2480"]

1.e4 c5 2.c3 Nf6 3.e5 Nd5 4.d4 cxd4 5.Nf3 Nc6 6.cxd4 d6 7.Bc4 Nb6 8.Bb3 d5
9.Nc3 Bg4 10.Be3 e6 11.O-O Be7 12.Rc1 O-O 13.h3 Bh5 14.g4 Bg6 15.Ne2 f6 16.Nf4 Bf7
17.Nd3 a5 18.a4 Nd7 19.Bf4 Bg6 20.exf6 Bxf6 21.Bd6 Be7 22.Bg3 Rxf3 23.Qxf3 Nxd4
24.Qd1 Qb6 25.Rc3 Bf6 26.Bc7 Qa7 27.Ba2 Nc6 28.Rc1 Bf7 29.Kh2 Bd4 30.f4 Rc8
31.Bd6 Qb6 32.Rc2 Rd8 33.Re2 Nf6 34.Be5 Bg6 35.Bxd4 Nxd4 36.Ref2 Nc6 37.Ne5 Nxe5
38.fxe5 Qc7 39.Qd4 Be4 40.Kg1 Nd7 41.Rf7 Qb8 42.Re7 Nxe5 43.Qb6 Nc6 44.Rc7 Rd7
45.Rf8+ Kxf8  0-1

[Event "Sao Paulo State-ch2"]
[Site "Rio Claro"]
[Date "1998.??.??"]
[Round "?"]
[White "Van Riemsdijk, Dirk D"]
[Black "Rocha, Wellington Carlos"]
[Result "0-1"]
[WhiteElo "2250"]
[BlackElo "2325"]

1.e4 c5 2.c3 Nf6 3.e5 Nd5 4.Nf3 Nc6 5.d4 cxd4 6.cxd4 e6 7.Nc3 Nxc3 8.bxc3 d6
9.exd6 Bxd6 10.Bd3 O-O 11.O-O g6 12.Re1 b6 13.Ng5 Qc7 14.Qf3 Nd8 15.Ne4 Bxh2+
16.Kh1 f5 17.Ba3 Rf7 18.Ng5 Bb7 19.Qh3 Bf4 20.Nxf7 Nxf7 21.Bc1 Bd6 22.Bd2 e5
23.dxe5 Nxe5 24.Be2 Rc8 25.f4 Nc4 26.Bxc4+ Qxc4 27.Be3 Bxf4 28.Bd4 Bd6 29.Qh4 Qf7
30.Re3 f4 31.Rh3 Re8 32.Qf2 Re4 33.Rf1 g5 34.Rh6 Bf8 35.Rf6 Qh5+ 36.Kg1 Re2
37.Qg3 Rxg2+ 38.Qxg2 Bxg2 39.Kxg2 Qg4+ 40.Kf2 Bg7  0-1

[Event "Roskilde op"]
[Site "Roskilde"]
[Date "1998.??.??"]
[Round "5"]
[White "Sveshnikov, Evgeny"]
[Black "Sammalvuo, Tapani"]
[Result "1/2-1/2"]
[WhiteElo "2595"]
[BlackElo "2395"]

1.e4 c5 2.c3 Nf6 3.e5 Nd5 4.Nf3 Nc6 5.Bc4 Nb6 6.Bb3 c4 7.Bc2 Qc7 8.Qe2 g5
9.e6 dxe6 10.Nxg5 Ne5 11.O-O Bh6 12.Nf3 Ng6 13.g3 Bd7 14.d4 cxd3 15.Bxd3 Bg7
16.Na3 a6 17.Re1 Rd8 18.Nc2 e5 19.Ne3 Qc8 20.Qc2 Ba4 21.Qe2 Bd7 22.Qc2 Ba4
23.b3 Bc6 24.Be4 Bxe4 25.Qxe4 Qxc3 26.Ba3 Qc6 27.Qxc6+ bxc6 28.Rac1 Rc8 29.Nf5 Bf6
30.Bb2 Nd7 31.Nh6 Bg7 32.Nf5 Bf6 33.Rc4 e4 34.Bxf6 Nxf6 35.Nd2 Ne5 36.Rc3 Nd5
37.Rc2 Nb4 38.Rxe4 Nxc2 39.Rxe5 Rc7 40.Ne4 e6 41.Nc5 Kd8 42.Nd6 Nd4 43.Re4 Nb5
44.Ndb7+ Ke7 45.Rh4 Nc3 46.a4 Ne2+ 47.Kg2 Nc1 48.Na5 Na2 49.Nxa6 Ra8 50.Nxc7 Rxa5
51.Rc4 Kd7 52.Rc2 Nb4 53.Rc4  1/2-1/2

[Event "Roskilde op"]
[Site "Roskilde"]
[Date "1998.??.??"]
[Round "7"]
[White "Sylvan, Jacob"]
[Black "Sammalvuo, Tapani"]
[Result "0-1"]
[WhiteElo "2290"]
[BlackElo "2395"]

1.e4 c5 2.c3 Nf6 3.e5 Nd5 4.d4 cxd4 5.Nf3 Nc6 6.Bc4 Nb6 7.Bb3 d5 8.exd6 Qxd6
9.Na3 dxc3 10.Nb5 Qxd1+ 11.Bxd1 cxb2 12.Bxb2 Nc4 13.Bc3 Rb8 14.Bb3 Nd6 15.Nxd6+ exd6
16.Ng5 Nd8 17.O-O-O Be6 18.Rhe1 Kd7 19.Ne4 Bxb3 20.axb3 Rc8 21.Kb2 Rc6 22.b4 Ne6
23.Kb3 Be7 24.f4 f5 25.Nd2 Rhc8 26.Bb2 Nxf4 27.Nf3 Bf6 28.Nd4 Bxd4 29.Bxd4 Ne6
30.Be5 Rb6 31.Re3 a5  0-1

[Event "San Jose op"]
[Site "San Jose"]
[Date "1998.??.??"]
[Round "1"]
[White "Fernandez Sierra, Pedro Jose"]
[Black "Campo Millan, Diego"]
[Result "0-1"]
[WhiteElo "1695"]
[BlackElo "2055"]

1.e4 c5 2.c3 Nf6 3.e5 Nd5 4.d4 e6 5.Nf3 cxd4 6.cxd4 d6 7.Be2 Be7 8.O-O O-O
9.Nc3 Nxc3 10.bxc3 b6 11.Qd3 d5 12.Re1 Ba6 13.Qc2 Bxe2 14.Rxe2 Nc6 15.Bf4 Rc8
16.Qd3 Na5 17.Rc1 Nc4 18.Nd2 Qd7 19.Nxc4 Rxc4 20.Qg3 Rfc8 21.Rec2 b5 22.h4 Kh8
23.h5 h6 24.Qf3 Ba3 25.Rd1 b4 26.Rd3 R8c7 27.Bxh6 f5 28.Bg5 Qa4 29.cxb4 Rxc2
30.Rxa3 Qxb4 31.Rb3 Qe1+ 32.Kh2 Qxf2 33.Qh3 Qxd4 34.Bh4 Qxe5+ 35.Bg3 f4  0-1

[Event "San Jose op"]
[Site "San Jose"]
[Date "1998.??.??"]
[Round "9"]
[White "Roche Simon, Manuel Angel"]
[Black "Remiro Juste, Fernando"]
[Result "0-1"]
[WhiteElo "2175"]
[BlackElo "2305"]

1.e4 c5 2.c3 Nf6 3.e5 Nd5 4.d4 cxd4 5.Nf3 Nc6 6.Bc4 Nb6 7.Bb3 d5 8.exd6 Qxd6
9.O-O d3 10.Na3 a6 11.Be3 Na5 12.Bxb6 Qxb6 13.Qxd3 Nxb3 14.axb3 e6 15.Nc4 Qc7
16.Rfd1 Be7 17.Nd6+ Bxd6 18.Qxd6 Qxd6 19.Rxd6 Ke7 20.Rad1 f6 21.Rb6 e5 22.h3 Rd8
23.Re1 Rd6 24.Rb4 Kd8 25.Kf1 Kc7 26.Ra4 Bf5 27.Rea1 Rad8 28.Ke1 Bc2 29.Rc4+ Kb8
30.b4 Rd1+ 31.Rxd1 Rxd1+ 32.Ke2 Rb1 33.Rg4 g5 34.h4 Rxb2 35.Nd2 h6 36.hxg5 hxg5
37.Rc4 Bf5 38.g3 Ra2 39.Rc5 Bc2 40.Ke3 b6 41.Rd5 Kc7 42.Nc4 Bb3 43.Nxb6 Bxd5
44.Nxd5+ Kd6 45.Nxf6 Ke6 46.Ne4 g4 47.c4 Ke7 48.Nc3 Rc2 49.Nd5+ Kd6 50.Nb6 Kc6
51.c5 Rb2 52.Nc4 Rxb4 53.Nxe5+ Kd5 54.f4 Re4+ 55.Kd3 Rxe5 56.fxe5 Kxe5 57.Kc4 Ke6
58.Kd4 Kd7 59.Kd5 a5 60.c6+ Kc7 61.Kc5 a4 62.Kb4 Kxc6 63.Kxa4 Kd5 64.Kb3 Ke4
65.Kc2 Kf3 66.Kd2 Kxg3  0-1

[Event "San Salvador-ch"]
[Site "San Salvador"]
[Date "1998.??.??"]
[Round "2.4"]
[White "Burgos, Carlos"]
[Black "Pineda, Boris"]
[Result "0-1"]
[WhiteElo "2085"]
[BlackElo "2295"]

1.e4 c5 2.c3 Nf6 3.e5 Nd5 4.d4 cxd4 5.Nf3 e6 6.cxd4 d6 7.a3 Be7 8.Bd3 O-O
9.O-O Nd7 10.Qe2 b6 11.exd6 Bxd6 12.Bg5 Be7 13.Qe4 g6 14.Qh4 Re8 15.Nbd2 Bb7
16.Rfe1 a6 17.Rac1 Nf8 18.Ne4 Rc8 19.Rxc8 Bxc8 20.Qh6 Bb7 21.Qh4 Bxg5 22.Nexg5 f6
23.Nxh7 Nxh7 24.Bxg6 Re7 25.Rxe6 Nf8 26.Rxe7 Nxe7 27.Be4 Bxe4 28.Qxe4 Kf7
29.h4 Qd5 30.Qf4 Qf5 31.Qc1 Ne6 32.Qc4 b5 33.Qb3 Qd5 34.Qd3 Qf5 35.Qe2 Nf4
36.Qd2 Qg4 37.Ne1 Ne2+ 38.Kf1 Nxd4 39.h5 Nef5 40.Nf3 Nxf3 41.Qd7+ Ne7  0-1

[Event "ECI IMJ 25th"]
[Site "Sas Van Gent"]
[Date "1998.??.??"]
[Round "6"]
[White "Adamski, Andrzej"]
[Black "Janssen, Ruud"]
[Result "1/2-1/2"]
[WhiteElo "2335"]
[BlackElo "2345"]

1.e4 c5 2.c3 Nf6 3.e5 Nd5 4.d4 cxd4 5.Nf3 e6 6.cxd4 d6 7.Nc3 Nxc3 8.bxc3 Qc7
9.Bd2 Nd7 10.Qa4 dxe5 11.Nxe5 Bd6 12.Nc4 O-O 13.Nxd6 Qxd6 14.Bd3 Nc5 15.Bxh7+ Kxh7
16.dxc5 Qe5+ 17.Be3 Qxc3+ 18.Ke2 Qb2+ 19.Kf3 Qf6+ 20.Ke2 Qb2+ 21.Kf3 Qf6+
22.Ke2 e5 23.Rhd1 b5 24.Qe4+ Bf5 25.Qf3 Qe6 26.Qd5 Rfd8 27.Qxe6 Bxe6 28.a3 Bb3
29.Rd6 Rxd6  1/2-1/2

[Event "Liechtenstein op"]
[Site "Schaan"]
[Date "1998.??.??"]
[Round "6"]
[White "Schmittdiel, Eckhard"]
[Black "Glek, Igor V"]
[Result "1/2-1/2"]
[WhiteElo "2460"]
[BlackElo "2565"]

1.e4 c5 2.c3 Nf6 3.e5 Nd5 4.Nf3 e6 5.d4 cxd4 6.cxd4 d6 7.Nc3 Nxc3 8.bxc3 Qc7
9.Qc2 Bd7 10.Bf4 Bc6 11.exd6 Bxd6 12.Bxd6 Qxd6 13.Ne5 Nd7 14.f4 f6 15.Nxc6 bxc6
16.Qe4 f5 17.Qf3 O-O 18.Bc4 Nb6 19.Bb3 c5 20.O-O c4 21.Bd1 Nd5 22.Be2 Qc6
23.Rac1 Qa4 24.Rfe1 Qxa2 25.Bf1 Qa6 26.Ra1 Qc6 27.Ra5 Rfc8 28.g3 Qb6 29.Rea1 Qb2
30.R1a3 Rab8 31.Rxa7 Qc1 32.R3a6 Qxc3 33.Qxc3 Nxc3 34.Rxe6 Nb5 35.Rd7 c3
36.Ree7 c2 37.Rxg7+ Kf8 38.Rxh7 Kg8  1/2-1/2

[Event "Liechtenstein op"]
[Site "Schaan"]
[Date "1998.??.??"]
[Round "8"]
[White "Wach, Markus"]
[Black "Kuemin, Simon"]
[Result "1-0"]
[WhiteElo "2410"]
[BlackElo "2120"]

1.e4 c5 2.c3 Nf6 3.e5 Nd5 4.Nf3 e6 5.Bc4 Nb6 6.Bb3 d6 7.O-O Nc6 8.d4 cxd4
9.cxd4 Be7 10.Nc3 O-O 11.Qe2 a6 12.Qe4 d5 13.Qg4 f5 14.Qg3 Kh8 15.Ne2 Bd7
16.Rd1 Be8 17.Nf4 Bf7 18.h4 Rc8 19.Ng5 Bxg5 20.hxg5 Qe8 21.Qh4 Ne7 22.Bd2 Ng6
23.Nxg6+ Bxg6 24.Bb4 Rf7 25.f4 Nc4 26.Bxc4 Rxc4 27.Bd6 Qc6 28.Qe1 h6 29.gxh6 gxh6
30.Rd3 Kh7 31.b3 Rc2 32.Rh3 h5 33.Qh4 Rc3 34.Kh1 Rg7 35.Bf8 Rf7 36.Bc5 Rg7
37.Rxc3  1-0

[Event "Staufer op 10th"]
[Site "Schwaebisch Gmuend"]
[Date "1998.??.??"]
[Round "9"]
[White "Tscharotschkin, Michael"]
[Black "Tuncer, Ufuk"]
[Result "1/2-1/2"]
[WhiteElo "2175"]
[BlackElo "2240"]

1.e4 c5 2.c3 Nf6 3.e5 Nd5 4.d4 cxd4 5.cxd4 e6 6.Nc3 Nxc3 7.bxc3 Qc7 8.Bd2 b6
9.Nf3 Bb7 10.Bd3 d6 11.O-O Nd7 12.Ng5 dxe5 13.Qh5 g6 14.Qh3 Be7 15.Rfe1 Bd5
16.c4 Bb7 17.Rad1 Rd8 18.Qh6 Bf8 19.Qh3 Be7 20.Qh6 Bf8 21.Qh3 Be7 22.Qh6 Bf8  1/2-1/2

[Event "Seefeld op 9th"]
[Site "Seefeld"]
[Date "1998.??.??"]
[Round "4"]
[White "Schmittdiel, Eckhard"]
[Black "Bente, Bjoern"]
[Result "1-0"]
[WhiteElo "2470"]
[BlackElo "2150"]

1.e4 c5 2.c3 Nf6 3.e5 Nd5 4.g3 Nc6 5.Bg2 Nb6 6.Nf3 d5 7.O-O Bg4 8.Re1 e6
9.d3 Be7 10.Nbd2 h5 11.h3 Bf5 12.Qe2 g5 13.Nb3 Nd7 14.d4 c4 15.Nbd2 Qc7 16.b3 Bd3
17.Qe3 g4 18.Ng5 gxh3 19.Bxh3 h4 20.g4 Nb6 21.bxc4 dxc4 22.Nde4 Nd5 23.Qf3 Bxg5
24.Bxg5 Bxe4 25.Rxe4 Nce7 26.Bf6 Nxf6 27.exf6 Nd5 28.g5 O-O-O 29.Rxe6 Kb8
30.Re5  1-0

[Event "Seefeld op 9th"]
[Site "Seefeld"]
[Date "1998.??.??"]
[Round "6"]
[White "Schuck, Sebastian"]
[Black "Timoshchenko, Gennadi A"]
[Result "0-1"]
[WhiteElo "2170"]
[BlackElo "2470"]

1.e4 c5 2.c3 Nf6 3.e5 Nd5 4.d4 cxd4 5.Nf3 e6 6.cxd4 d6 7.Bc4 Bd7 8.O-O Bc6
9.Nc3 dxe5 10.Nxe5 Be7 11.Qe2 O-O 12.Rd1 Nd7 13.Rd3 Nxc3 14.bxc3 Nxe5 15.dxe5 Qa5
16.Qh5 Rfd8 17.Rh3 Be4 18.Bg5 Bg6 19.Qh4 Bxg5 20.Qxg5 Rdc8 21.Bd3 Qxc3 22.Rd1 h6
23.Qe7 Qd4 24.Qxb7 Bxd3 25.Qf3 Qxe5 26.Qxd3 Rc5 27.Re3 Qc7 28.g3 Rd5 29.Qe2 Rad8
30.Red3 Qd6 31.Rxd5 exd5 32.Rd4 g6 33.Qe3 h5 34.h4 Kg7 35.Kg2 Rd7 36.Kg1 Rc7
37.Kg2 Rc5 38.Ra4 a5 39.Qd2 Qc7 40.Rd4 Qe5 41.Ra4 Rc4 42.Rxa5 Qe4+ 43.f3 Qb1
44.Rc5 Rxc5 45.Qd4+ Kg8 46.Qxc5 Qxa2+ 47.Kf1 Qa1+ 48.Ke2 Qe5+ 49.Kf2 Kg7
50.Qb5 Qd6 51.f4 d4 52.Qe5+ Qxe5 53.fxe5 f6 54.e6 Kf8 55.Ke2 Ke7 56.Kd3 Kxe6
57.Kxd4 Kf5  0-1

[Event "Seefeld op 9th"]
[Site "Seefeld"]
[Date "1998.??.??"]
[Round "9"]
[White "Rahls, Peter"]
[Black "Bente, Bjoern"]
[Result "1-0"]
[WhiteElo "2205"]
[BlackElo "2150"]

1.e4 c5 2.c3 Nf6 3.e5 Nd5 4.d4 cxd4 5.cxd4 e6 6.Nc3 Nxc3 7.bxc3 Qc7 8.Bd2 d6
9.f4 b6 10.Nf3 Bb7 11.Bd3 Nc6 12.O-O Na5 13.Qe2 g6 14.Ng5 Be7 15.exd6 Qxd6
16.Rae1 O-O 17.Qg4 Kg7 18.Re3 h5 19.Nxe6+ Qxe6 20.Rxe6 hxg4 21.Rxe7 Bd5 22.f5 gxf5
23.Rxf5 Bxa2 24.Re4 Rfe8 25.Rxg4+ Kf8 26.c4 Bxc4 27.Bb4+  1-0

[Event "Solin"]
[Site "Solin"]
[Date "1998.??.??"]
[Round "1"]
[White "Ljubicic, Filip"]
[Black "Kozul, Zdenko"]
[Result "0-1"]
[WhiteElo "2385"]
[BlackElo "2585"]

1.e4 c5 2.c3 Nf6 3.e5 Nd5 4.d4 cxd4 5.Nf3 Nc6 6.Bc4 e6 7.Bxd5 exd5 8.O-O d6
9.Re1 Be6 10.cxd4 Be7 11.Bf4 O-O 12.Nc3 a6 13.exd6 Bxd6 14.Bxd6 Qxd6 15.Ne5 Rac8
16.Qd2 Qb4 17.Nxc6 Rxc6 18.a3 Qd6 19.Re5 b5 20.Rae1 b4 21.axb4 Qxb4 22.f4 Rd6
23.R1e2 Qc4 24.f5 Bd7 25.Qf4 Bb5 26.Re7 Qc6 27.R2e3 Bc4 28.Na4 Rd7 29.Nc5 Rxe7
30.Rxe7 Qf6 31.Qe5 Qxe5 32.dxe5 Rc8 33.e6 d4 34.Rd7 fxe6 35.fxe6 d3 36.b4 Bb5
37.Rd4 Kf8 38.Nxd3 Ke7 39.Nf4 g5 40.Nd3 Kxe6 41.Nc5+ Ke5 42.Re4+ Kd5 43.Re7 h6
44.Re1 Rf8 45.Ne6 Rf7 46.Nc5 Rf6 47.h3 Kc4 48.Re4+ Kc3 49.h4 gxh4 50.Rxh4 Rc6
51.Kf2 Bc4 52.Ne4+ Kxb4 53.Nd2 a5 54.Nxc4 Rxc4 55.Rxh6 a4 56.Ra6 a3 57.Kf3 Kb3
58.Rb6+ Rb4 59.Re6 a2 60.Re1 Kc3 61.Re3+ Kb2 62.Re2+ Ka3 63.Re1 Rb1 64.Re8 Kb4
65.Ra8 Rb3+ 66.Ke4 Ra3 67.Rb8+ Kc5 68.Rc8+ Kd6 69.Rc1 a1=Q 70.Rxa1 Rxa1 71.Kf5 Ke7
72.g4 Kf7 73.Kg5 Ra5+  0-1

[Event "ROM-chT"]
[Site "Sovata"]
[Date "1998.??.??"]
[Round "5"]
[White "Szabo, Gergely"]
[Black "Vasiesiu, Dan"]
[Result "0-1"]
[WhiteElo "2235"]
[BlackElo "2420"]

1.e4 c5 2.c3 Nf6 3.e5 Nd5 4.d4 cxd4 5.Nf3 e6 6.cxd4 d6 7.Bc4 Nc6 8.O-O Nb6
9.Bd3 Nb4 10.Bb5+ Bd7 11.Nc3 Bxb5 12.Nxb5 Be7 13.Bf4 dxe5 14.dxe5 N4d5 15.Bg3 O-O
16.Qe2 a6 17.Nbd4 Rc8 18.Rac1 Qd7 19.Rfd1 h6 20.h3 Rxc1 21.Rxc1 Rc8 22.Qd1 Rxc1
23.Qxc1 Qa4 24.a3 Qc4 25.Qd2 Qa2 26.Qc2 Bf8 27.Kh2 Nc4 28.b4 Qxc2 29.Nxc2 g5
30.h4 g4 31.Nfe1 h5 32.Nd3 b6 33.f3 Bh6 34.fxg4 hxg4 35.Nf2 Nde3 36.Nxe3 Nxe3
37.Kg1 Kh7 38.Ne4 Kg6 39.Nd6 Nc2 40.b5 axb5 41.Nxb5 Be3+ 42.Kf1 Bc5 43.Bf2 Ne3+
44.Bxe3 Bxe3 45.g3 Bc1  0-1

[Event "Split"]
[Site "Split"]
[Date "1998.??.??"]
[Round "4"]
[White "Susak, Zeljko"]
[Black "Videki, Sandor"]
[Result "0-1"]
[WhiteElo "2235"]
[BlackElo "2430"]

1.e4 c5 2.c3 Nf6 3.e5 Nd5 4.Nf3 d6 5.d4 cxd4 6.cxd4 dxe5 7.dxe5 Nc6 8.Bc4 Nb6
9.Qxd8+ Nxd8 10.Bb5+ Bd7 11.Nc3 a6 12.Be3 Bxb5 13.Bxb6 Bc6 14.Nd4 Bxg2 15.Rg1 Bc6
16.O-O-O g6 17.Kb1 Bh6 18.Rge1 Ne6 19.Nxc6 bxc6 20.a4 Bf4 21.h3 Rb8 22.a5 Rb7
23.Na2 O-O 24.Nb4 c5 25.Nxa6 Ra8 26.Nxc5 Nxc5 27.Bxc5 Rxa5 28.Rd8+ Kg7 29.Bd4 e6
30.Re4 g5 31.h4 h6 32.hxg5 hxg5 33.Bc3 Rc5 34.Kc2 Rbc7 35.Kd3 Kg6 36.Rg8+ Kf5
37.f3 Bxe5 38.Bxe5 Rxe5 39.Rxg5+ Kxg5 40.f4+ Kf5 41.fxe5 Rc5 42.Re2 Rxe5
43.Rf2+ Kg6 44.b4 f5 45.Rb2 Rb5 46.Kc4 Rb8 47.b5 f4 48.b6 Kf5 49.Kc5 e5 50.b7 f3
51.Rb1 Kf4 52.Kd5 e4 53.Rb4 f2 54.Rxe4+ Kg3  0-1

[Event "St Helier op"]
[Site "St Helier"]
[Date "1998.??.??"]
[Round "2"]
[White "Jackson, Sheila"]
[Black "Ward, Christopher"]
[Result "0-1"]
[WhiteElo "2150"]
[BlackElo "2480"]

1.e4 c5 2.c3 Nf6 3.e5 Nd5 4.Nf3 e6 5.Bc4 b6 6.O-O Bb7 7.d4 cxd4 8.cxd4 Be7
9.Nbd2 O-O 10.a3 Nf4 11.Re1 d6 12.exd6 Qxd6 13.Ne4 Qc7 14.Bf1 Nd7 15.g3 Nd5
16.Bd2 Rac8 17.Rc1 Qb8 18.Qe2 Rxc1 19.Rxc1 Rc8 20.Nc3 Nxc3 21.Rxc3 Rxc3 22.Bxc3 Qc7
23.Qd3 Qc6 24.Bg2 Nf6 25.Ne1 Qd7 26.Bxb7 Qxb7 27.f3 b5 28.Nc2 Nd5 29.Bd2 Qc6
30.b3 f5 31.Kf2 Kf7 32.Ke2 Bd6 33.Kd1 h6 34.Ke2 a6 35.Ba5 h5 36.Qd2 h4 37.Kf2 hxg3+
38.hxg3 Qc8 39.Kg2 Qxc2  0-1

[Event "Petrov mem"]
[Site "St Petersburg"]
[Date "1998.??.??"]
[Round "9"]
[White "Karalkin, M."]
[Black "Uchitel, Stanislav"]
[Result "1/2-1/2"]
[WhiteElo "2250"]
[BlackElo "2120"]

1.e4 c5 2.c3 Nf6 3.e5 Nd5 4.d4 cxd4 5.Qxd4 e6 6.Nf3 Nc6 7.Qe4 d6 8.Bb5 Bd7
9.c4 Nb6 10.exd6 Bxd6 11.O-O a6 12.Bg5 Qc7 13.c5 Bxc5 14.Be2 Nd5 15.Nbd2 h6
16.Bh4 f5 17.Qc2 Nce7 18.Rac1 Rc8 19.Bxe7 Bxe7 20.Qxc7 Rxc7 21.Ne5 Rxc1 22.Bh5+ g6
23.Bxg6+ Kf8 24.Rxc1 Kg7 25.Nxd7 Kxg6 26.Nf3 Bd6 27.g3 Rd8 28.Nfe5+ Kg7 29.f4 h5
30.h4 Bxe5 31.Nxe5 Kf6 32.Kf2 Rg8 33.a3 Rd8 34.b4 Ke7 35.Rc2 Kf6 36.Kf3 Kg7
37.Rc5 Kf6 38.b5 axb5 39.Rxb5 b6 40.Rb3 Rc8 41.Rd3 Rc7 42.Rb3 Rc8 43.Ke2 Rc7
44.Kd3 Ke7 45.Kd4 Rc8 46.Rb5 Rc1 47.Rb3 Rc8 48.Kd3 Rc7 49.Nf3 Rc5 50.Nd4 Rc8
51.a4 Ra8 52.Ra3 Kd6 53.Ra1 Rg8 54.Ne2 Rc8 55.Rb1 Ra8 56.Ra1 b5 57.a5 Nb4+
58.Kc3 Nc6 59.a6 Kc5 60.Nc1 b4+ 61.Kb2 Kb5 62.Nb3 Kb6 63.Re1 Nd8 64.Nd4 Rxa6
65.Nxe6 Nxe6 66.Rxe6+ Kb7 67.Re7+ Kc8 68.Rg7 Ra3 69.Rg5 Kd7 70.Rxf5 Rxg3
71.Rxh5 Rg4 72.f5 Ke7 73.Rh6 Rf4 74.f6+ Rxf6 75.Rxf6 Kxf6 76.Kb3  1/2-1/2

[Event "Rilton Cup 97/98"]
[Site "Stockholm"]
[Date "1998.??.??"]
[Round "9"]
[White "Stoliar, Efim Samoilovich"]
[Black "Chernin, Alexander"]
[Result "0-1"]
[WhiteElo "2360"]
[BlackElo "2640"]

1.e4 c5 2.c3 Nf6 3.e5 Nd5 4.d4 cxd4 5.cxd4 d6 6.Nf3 Nc6 7.exd6 Qxd6 8.Be2 g6
9.O-O Bg7 10.Nc3 O-O 11.Ne4 Qc7 12.Qb3 Rd8 13.Rd1 Bf5 14.Nc3 Be6 15.Nb5 Qb6
16.Qa4 Rac8 17.Nc3 Qb4 18.Bb5 Qxa4 19.Bxa4 Bg4 20.Be3 Nb6 21.Bxc6 Rxc6 22.Rac1 Nc4
23.b3 Nd6 24.h3 Bxf3 25.gxf3 Rdc8 26.Ne2 Rc2 27.Rxc2 Rxc2 28.Rd2 Rc8 29.Ng3 Kf8
30.Kf1 Ke8 31.Ke2 Nb5 32.Ne4 f5 33.Nc5 b6 34.Ne6 Bf6 35.a4 Nc3+ 36.Kd3 Nd5
37.Ke2 Rc3 38.Rd3 Rc8 39.Nf4 Nb4 40.Rd2 Kd7 41.Kd1 Ke8 42.Ke2 Kd7 43.Nd3 Nd5  0-1

[Event "SVK-chT1E 9899"]
[Site "SVK"]
[Date "1998.??.??"]
[Round "1"]
[White "Borsos, Bogdan"]
[Black "Singliar, Anton"]
[Result "1-0"]
[WhiteElo "2330"]
[BlackElo "2205"]

1.e4 c5 2.c3 Nf6 3.e5 Nd5 4.d4 Nc6 5.c4 Nc7 6.d5 Nxe5 7.f4 Ng6 8.h4 h5 9.Nf3 d6
10.Bd3 Qd7 11.f5 Ne5 12.Nxe5 dxe5 13.Nc3 Kd8 14.O-O Ne8 15.Ne4 b6 16.Ng5 Nd6
17.Qe2 Ke8 18.b3 a5 19.Bb2 f6 20.Ne6 Qa7 21.a4 Bxe6 22.fxe6 Kd8 23.Bg6 Kc7
24.Rae1 Rh6 25.Qc2 Qb8 26.Bc1 Rh8 27.Qe2 Kb7 28.Rf2 Qc7 29.Ref1 Qd8 30.Be3 Qc7
31.Rf3 Rd8 32.Bd2 Ra8 33.Rg3 Ka7 34.Kh2 Rd8 35.Kh3 Qb8 36.Be3 Qc7 37.Bd2 Qb8
38.Rgf3 Qc7 39.Rf5 Nxf5 40.Rxf5 Qc8 41.g3 Qc7 42.Rxh5 Rxh5 43.Qxh5 Qb8 44.g4 Kb7
45.Qf5 Kc7 46.g5 Kb7 47.Kg4 Ka6 48.h5 fxg5 49.Bxg5 Qa8 50.Qxe5 Qb7 51.Bf4 Ka7
52.Kf5 Qc8 53.Bf7 Kb7 54.Kg6 Ka6 55.Qc7 Qxc7 56.Bxc7 Rc8 57.Be5  1-0

[Event "SVK-chT 9798"]
[Site "SVK"]
[Date "1998.??.??"]
[Round "5"]
[White "Papanetz, Peter"]
[Black "Fabian, Jaroslav"]
[Result "0-1"]
[WhiteElo "2225"]
[BlackElo "2250"]

1.e4 c5 2.c3 Nf6 3.e5 Nd5 4.Nf3 d6 5.exd6 Qxd6 6.d4 e6 7.c4 Nb6 8.Nc3 Na6
9.Nb5 Qd8 10.Be2 Be7 11.O-O O-O 12.Bf4 cxd4 13.Qxd4 Qxd4 14.Nbxd4 f6 15.Nb5 e5
16.Be3 Be6 17.b3 Nc8 18.Rfd1 Kf7 19.a3 b6 20.b4 Rb8 21.Rac1 Rb7 22.c5 bxc5
23.bxc5 Nc7 24.a4 Nd5 25.c6 Rb8 26.Bc5 a6 27.Bxe7 Kxe7 28.Nc3 Nc7 29.Ne4 Rd8
30.Rxd8 Kxd8 31.Nc5 a5 32.Rd1+ Ke8 33.Nxe6 Nxe6 34.h3 Na7 35.Rd6 Nf4 36.Ba6 Rd8
37.Rxd8+ Kxd8 38.Nd2 Nxc6 39.Nc4 Kc7 40.Bb5 Ne2+ 41.Kf1 Ned4 42.Ke1 Nxb5
43.axb5 Nd4 44.b6+ Kc6 45.Nxa5+ Kxb6 46.Nc4+ Kc5 47.Ne3 f5 48.f3 g6 49.Kd2 Ne6
50.Ke2 Nf4+ 51.Kf2 Nd5 52.Nf1 Kd4 53.Nd2 e4 54.fxe4 fxe4 55.Nb3+ Kc4 56.Nc1 Kc3
57.Ne2+ Kd2 58.h4 Ne3 59.Ng1 h5 60.Kg3 Nd5 61.Kf2 e3+ 62.Kf3 Nc3 63.g4 e2
64.Kf4 Kd3 65.Nf3 hxg4 66.Kxg4 Ne4 67.Kf4 Nf6 68.Ne1+ Kd2 69.Nf3+ Kd1 70.Ke3 Ng4+  0-1

[Event "SVK-chT 9798"]
[Site "SVK"]
[Date "1998.??.??"]
[Round "7"]
[White "Bochnicka, Vladimir"]
[Black "Kovacocy, Pavol"]
[Result "1/2-1/2"]
[WhiteElo "2165"]
[BlackElo "2195"]

1.e4 c5 2.c3 Nf6 3.e5 Nd5 4.d4 cxd4 5.Nf3 Nc6 6.Bc4 Nb6 7.Bb3 e6 8.cxd4 d5
9.O-O Be7 10.Nc3 a6 11.Be3 Bd7 12.Rc1 Na5  1/2-1/2

[Event "SVK-chT 9798"]
[Site "SVK"]
[Date "1998.??.??"]
[Round "8"]
[White "Banas, Kamil"]
[Black "Ac, Michal"]
[Result "1-0"]
[WhiteElo "2035"]
[BlackElo "2295"]

1.e4 c5 2.c3 Nf6 3.e5 Nd5 4.d4 cxd4 5.cxd4 Nc6 6.Nf3 d6 7.Bc4 e6 8.O-O Be7
9.Qe2 O-O 10.Nc3 Nxc3 11.bxc3 Qc7 12.exd6 Bxd6 13.Bd3 Ne7 14.c4 Ng6 15.g3 b6
16.Be4 Ba6 17.Bxa8 Rxa8 18.Nd2 Bb4 19.Bb2 Bxd2 20.Qxd2 Qxc4 21.f3 Rd8 22.Rfc1 Qd5
23.Qe3 Bb7 24.Kf2 Qh5 25.Kg2 Bd5 26.Rc3 f5 27.Qf2 f4 28.Kg1 fxg3 29.hxg3 Rf8
30.Rf1 h6 31.Ba3 Nf4 32.gxf4 Rf6 33.Qh2 Qg6+ 34.Kh1 Rf5 35.Be7 Qf7 36.Rc8+ Kh7
37.Bh4 Rxf4 38.Bg3 Rf5 39.Qc2 Qh5+ 40.Kg1 Qh3 41.Qh2  1-0

[Event "Szeged TT08 IM"]
[Site "Szeged"]
[Date "1998.??.??"]
[Round "7"]
[White "Shankar, Roy"]
[Black "Arnold, Lothar"]
[Result "1/2-1/2"]
[WhiteElo "2370"]
[BlackElo "2340"]

1.e4 c5 2.c3 Nf6 3.e5 Nd5 4.d4 cxd4 5.Nf3 Nc6 6.Bc4 Nb6 7.Bb3 g6 8.cxd4 Bg7
9.Bf4 d6 10.exd6 O-O 11.h3 exd6 12.O-O Na5 13.Nc3 Bf5 14.Bc2  1/2-1/2

[Event "EST-chT"]
[Site "Tallinn"]
[Date "1998.??.??"]
[Round "7"]
[White "Liiva, Riho"]
[Black "Shishkov, Andrei"]
[Result "1/2-1/2"]
[WhiteElo "2435"]
[BlackElo "2270"]

1.e4 c5 2.c3 Nf6 3.e5 Nd5 4.d4 cxd4 5.cxd4 e6 6.Nf3 b6 7.Nc3 Nxc3 8.bxc3 Qc7
9.Bd2 d6 10.Bd3 Nd7 11.exd6 Bxd6 12.O-O Bb7 13.c4 O-O 14.h3 e5  1/2-1/2

[Event "Tampere ELO Taraus"]
[Site "Tampere"]
[Date "1998.??.??"]
[Round "7"]
[White "Gamback, Bjorn"]
[Black "Korhonen, Pasi"]
[Result "1-0"]
[WhiteElo "2240"]
[BlackElo "2105"]

1.e4 c5 2.c3 Nf6 3.e5 Nd5 4.d4 cxd4 5.Nf3 e6 6.cxd4 b6 7.Nc3 Bb7 8.Bd3 Nxc3
9.bxc3 Qc7 10.O-O d6 11.Bf4 Nd7 12.Re1 dxe5 13.Nxe5 Nxe5 14.Bxe5 Bd6 15.Bb5+ Kf8
16.f4 Rd8 17.Re3 Bd5 18.Qe2 Bxe5 19.fxe5 Bc6 20.Bd3 Bd5 21.Rf1 Rd7 22.c4 Bb7
23.d5 Ke8 24.Kh1 Kd8 25.d6 Qc5 26.Bc2 Kc8 27.Ba4 Bc6 28.Bxc6 Qxc6 29.Qg4 g6
30.Ref3 h5 31.Qh4 Rh7 32.Rc3 Qc5 33.Qe4 Kb8 34.Rb3 a6 35.Rfb1 f5 36.Rxb6+ Ka7
37.Qc6 Qxc6 38.Rxc6 Rb7 39.Rd1 g5 40.Rc8 Rb2 41.d7 Rxd7 42.Rxd7+  1-0

[Event "Tampere ELO Taraus"]
[Site "Tampere"]
[Date "1998.??.??"]
[Round "9"]
[White "Vorobjov, Pavel"]
[Black "Gamback, Bjorn"]
[Result "0-1"]
[WhiteElo "2110"]
[BlackElo "2240"]

1.e4 c5 2.c3 Nf6 3.e5 Nd5 4.d4 cxd4 5.Nf3 e6 6.cxd4 b6 7.Nc3 Nxc3 8.bxc3 Qc7
9.Bd2 d6 10.Bd3 Bb7 11.O-O Nd7 12.exd6 Bxd6 13.Re1 O-O 14.Be4 Rac8 15.Bxb7 Qxb7
16.Ng5 Nf6 17.Qc2 Rc4 18.Re3 Rfc8 19.Ne4 Be7 20.Nxf6+ Bxf6 21.Rh3 g6 22.Qd3 Qd5
23.Qe2 b5 24.Rd3 Ra4 25.Be1 Be7 26.Rdd1 a6 27.Rdc1 Ba3 28.Rc2 Rac4 29.Rb1 b4
30.Rb3 a5 31.Bd2 a4 32.Rb1 bxc3 33.Be3 Bb2 34.f3 a3 35.Bf2 R4c6  0-1

[Event "Tatry op"]
[Site "Tatranska Lomnica"]
[Date "1998.??.??"]
[Round "2"]
[White "Viszlai, Alexander"]
[Black "Koziak, Vitali"]
[Result "0-1"]
[WhiteElo "2070"]
[BlackElo "2450"]

1.e4 c5 2.c3 Nf6 3.e5 Nd5 4.d4 cxd4 5.cxd4 Nc6 6.Nf3 d6 7.Bd3 Bg4 8.Be4 e6
9.O-O dxe5 10.dxe5 Be7 11.Qa4 Bxf3 12.Bxf3 O-O 13.Re1 Ndb4 14.Nc3 Qd4 15.Bxc6 Nxc6
16.Re4 Qxa4 17.Nxa4 Nb4 18.Bd2 Nd3 19.Be3 b5 20.Nc3 a6 21.Rb1 Rfc8 22.Nd1 Rc2
23.f4 Rd8 24.a3 Re2 25.Kf1 Re1+  0-1

[Event "Techirghiol op-A"]
[Site "Techirghiol"]
[Date "1998.??.??"]
[Round "?"]
[White "Tufa, Mihai"]
[Black "Bode, D."]
[Result "1-0"]
[WhiteElo "2220"]
[BlackElo "1725"]

1.e4 c5 2.c3 Nf6 3.e5 Nd5 4.d4 cxd4 5.cxd4 e6 6.Nc3 Nxc3 7.bxc3 Qc7 8.Qb3 Be7
9.Ba3 d6 10.Bb5+ Nc6 11.f4 O-O 12.Nf3 a6 13.Bd3 b5 14.O-O Bd7 15.Rac1 Rfd8
16.Ng5 h6 17.Ne4 d5 18.Bxe7 Nxe7 19.Nd6 g6 20.g4 Nc8 21.Nxc8 Qxc8 22.Qb1 Kg7
23.f5 exf5 24.gxf5 g5 25.e6 fxe6 26.f6+ Kh8 27.Qb4 Re8 28.f7 Rf8 29.Qd6 Qb8
30.Qxd7 Ra7 31.Qxe6  1-0